000 00315nam a22001457a 4500
008 221111b ||||| |||| 00| 0 eng d
020 _a0691022348
041 _aeng
080 _a101
082 _a101 ALE
100 _a44.1
101 _aFILO
245 _aINTERNATIONAL ETHICS
_cALEXANDER L
942 _2udc
_cBK
999 _c58872
_d58872